COVID-19 Pays ayant un taux de mortalité au-dessus de 10% - Statistiques

Statistiques générales
  • Ce quiz a été pris 113 fois
  • Le résultat moyen est 6 sur 10
Statistiques - réponses
Nombre de cas Nombre de morts % Pays % Correct
117 324 20 796 17,73 France
98%
204 178 21 282 10,42 Espagne
90%
183 957 24 648 13,4 Italie
89%
130 172 17 378 13,35 Royaume-Uni
74%
40 956 5 998 14,64 Belgique
68%
34 317 3 929 11,45 Pays-Bas
52%
15 322 1 765 11,52 Suède
46%
2 811 392 13,95 Algérie
24%
2 098 213 10,15 Hongrie
18%
107 12 11,21 Soudan
5%
Aucun quiz correspondant
Distribution des résultats
% des personnes avec chaque résultat
Percentile par nombre de réponses
Votre historique - résultats
Vous n’avez pas pris ce quiz